000 00660nam a2200241Ia 4500
003 OSt
005 20220927105333.0
006 a|||||r|||| 00| 0
007 ta
008 220926b |||||||| |||| 00| 0 eng d
024 _a192086
037 _cReference Collections
040 _aRTL
_cRTL
_beng
041 _2eng
_aeng
082 _a"U44:(D85).2, UN"
110 _aWORLD BANK
245 0 _aReview of effectiveness of rural water supply schemes in India
260 _aWashington
_bWorld Bank
_c2008
300 _a176p
_ccm.
700 _aWORLD BANK
942 _h"U44:(D85).2, UN"
_cCC
999 _c691943
_d691943